| 000 | 01449nam a22003737a 4500 | ||
|---|---|---|---|
| 999 |
_c18304 _d18304 |
||
| 001 | 12980454 | ||
| 003 | OSt | ||
| 005 | 20210310152359.0 | ||
| 008 | 160715b xxu||||| |||| 00| 0 eng d | ||
| 010 |
_a 2002726605 _z 2002726617 |
||
| 015 | _aGBA2-60736 | ||
| 020 | _a184277090X (cased) | ||
| 020 | _a1842770918 (limp) | ||
| 035 | _a(OCoLC)ocm50615276 | ||
| 040 |
_aMMU _cMMU _dMMU _beng |
||
| 042 | _alccopycat | ||
| 043 | _af------ | ||
| 050 | 0 | 0 |
_aKQC572 _b.C85 2002 |
| 082 | 0 | 4 |
_a323.096 _221 |
| 100 | _aAbdullahi A. An-Na'im. | ||
| 245 | 0 | 0 |
_aCultural transformation and human rights in Africa / _cedited by Abdullahi A. An-Na'im. |
| 260 |
_aLondon ; _aNew York : _bZed Books ; _aNew York : _bDistributed in the USA by Palgrave, _cc2002. |
||
| 300 |
_ax, 269 p. ; _c24 cm. |
||
| 504 | _aIncludes bibliographical references and index. | ||
| 650 | 0 |
_aHuman rights _zAfrica. |
|
| 651 | 0 |
_aAfrica _xSocial life and customs. |
|
| 700 | 1 |
_aNaʻīm, ʻAbd Allāh Aḥmad, _d1946- |
|
| 856 | 4 | 2 |
_3Contributor biographical information _uhttp://www.loc.gov/catdir/bios/hol051/2002726605.html |
| 856 | 4 | 1 |
_3Table of contents _uhttp://www.loc.gov/catdir/toc/hol031/2002726605.html |
| 856 | 4 | 2 |
_3Publisher description _uhttp://www.loc.gov/catdir/description/hol031/2002726605.html |
| 906 |
_a7 _bcbc _ccopycat _d2 _encip _f20 _gy-gencatlg |
||
| 942 |
_2lcc _cSHORTLOAN |
||